<?xml version="1.0" encoding="UTF-8"?>
<collection xmlns="http://www.loc.gov/MARC21/slim">
 <record>
  <leader>01888cam a22004212  4500</leader>
  <controlfield tag="001">108693072X</controlfield>
  <controlfield tag="003">DE-627</controlfield>
  <controlfield tag="005">20220708132721.0</controlfield>
  <controlfield tag="007">tu</controlfield>
  <controlfield tag="008">890103s1959    xx |||||      00| ||ger c</controlfield>
  <datafield tag="035" ind1=" " ind2=" ">
   <subfield code="a">(DE-627)108693072X</subfield>
  </datafield>
  <datafield tag="035" ind1=" " ind2=" ">
   <subfield code="a">(DE-576)01693072X</subfield>
  </datafield>
  <datafield tag="035" ind1=" " ind2=" ">
   <subfield code="a">(DE-599)BSZ01693072X</subfield>
  </datafield>
  <datafield tag="035" ind1=" " ind2=" ">
   <subfield code="a">(OCoLC)05987799</subfield>
  </datafield>
  <datafield tag="035" ind1=" " ind2=" ">
   <subfield code="a">(OCoLC)713851824</subfield>
  </datafield>
  <datafield tag="035" ind1=" " ind2=" ">
   <subfield code="a">(DE-604)8053707397</subfield>
  </datafield>
  <datafield tag="040" ind1=" " ind2=" ">
   <subfield code="a">DE-627</subfield>
   <subfield code="b">ger</subfield>
   <subfield code="c">DE-627</subfield>
   <subfield code="e">rakwb</subfield>
  </datafield>
  <datafield tag="041" ind1=" " ind2=" ">
   <subfield code="a">ger</subfield>
  </datafield>
  <datafield tag="084" ind1=" " ind2=" ">
   <subfield code="a">LI 72000</subfield>
   <subfield code="2">rvk</subfield>
   <subfield code="0">(DE-625)rvk/96924:</subfield>
  </datafield>
  <datafield tag="100" ind1="1" ind2=" ">
   <subfield code="a">Schmidt, Heinrich</subfield>
   <subfield code="0">(DE-627)1450403581</subfield>
   <subfield code="0">(DE-576)380403587</subfield>
   <subfield code="4">aut</subfield>
  </datafield>
  <datafield tag="245" ind1="1" ind2="0">
   <subfield code="a">Alfred Rethel</subfield>
   <subfield code="b">1816 - 1859</subfield>
   <subfield code="c">Heinrich Schmidt</subfield>
  </datafield>
  <datafield tag="264" ind1=" " ind2="1">
   <subfield code="a">Neuß</subfield>
   <subfield code="b">Ges. für Buchdr.</subfield>
   <subfield code="c">[1959]</subfield>
  </datafield>
  <datafield tag="300" ind1=" " ind2=" ">
   <subfield code="a">192 S.</subfield>
   <subfield code="b">Ill.</subfield>
  </datafield>
  <datafield tag="336" ind1=" " ind2=" ">
   <subfield code="a">Text</subfield>
   <subfield code="b">txt</subfield>
   <subfield code="2">rdacontent</subfield>
  </datafield>
  <datafield tag="337" ind1=" " ind2=" ">
   <subfield code="a">ohne Hilfsmittel zu benutzen</subfield>
   <subfield code="b">n</subfield>
   <subfield code="2">rdamedia</subfield>
  </datafield>
  <datafield tag="338" ind1=" " ind2=" ">
   <subfield code="a">Band</subfield>
   <subfield code="b">nc</subfield>
   <subfield code="2">rdacarrier</subfield>
  </datafield>
  <datafield tag="490" ind1="1" ind2=" ">
   <subfield code="a">Rheinischer Verein für Denkmalpflege und Heimatschutz</subfield>
   <subfield code="v">1958</subfield>
  </datafield>
  <datafield tag="689" ind1="0" ind2="0">
   <subfield code="d">p</subfield>
   <subfield code="0">(DE-588)118744615</subfield>
   <subfield code="0">(DE-627)135347157</subfield>
   <subfield code="0">(DE-576)162706510</subfield>
   <subfield code="a">Rethel, Alfred</subfield>
   <subfield code="d">1816-1859</subfield>
   <subfield code="2">gnd</subfield>
  </datafield>
  <datafield tag="689" ind1="0" ind2=" ">
   <subfield code="5">(DE-627)</subfield>
  </datafield>
  <datafield tag="700" ind1="1" ind2=" ">
   <subfield code="a">Rethel, Alfred</subfield>
   <subfield code="d">1816-1859</subfield>
   <subfield code="e">Ill.</subfield>
   <subfield code="0">(DE-588)118744615</subfield>
   <subfield code="0">(DE-627)135347157</subfield>
   <subfield code="0">(DE-576)162706510</subfield>
   <subfield code="4">ill</subfield>
  </datafield>
  <datafield tag="787" ind1="0" ind2="8">
   <subfield code="i">Rezensiert in</subfield>
   <subfield code="a">Keysselitz, Robert</subfield>
   <subfield code="t">[Rezension von: Heinrich Schmidt, Alfred Rethel 1816-1859]</subfield>
   <subfield code="d">Aachen : Verlag des Aachener Museumsvereins, 1961</subfield>
   <subfield code="w">(DE-627)1549999958</subfield>
   <subfield code="w">(DE-576)479999953</subfield>
  </datafield>
  <datafield tag="810" ind1="2" ind2=" ">
   <subfield code="a">Rheinischer Verein für Denkmalpflege und Heimatschutz</subfield>
   <subfield code="t">Rheinischer Verein für Denkmalpflege und Heimatschutz</subfield>
   <subfield code="v">1958</subfield>
   <subfield code="9">1958</subfield>
   <subfield code="w">(DE-627)129490881</subfield>
   <subfield code="w">(DE-576)014885158</subfield>
   <subfield code="w">(DE-600)206172-7</subfield>
  </datafield>
  <datafield tag="935" ind1=" " ind2=" ">
   <subfield code="a">SAXB</subfield>
  </datafield>
  <datafield tag="936" ind1="r" ind2="v">
   <subfield code="a">LI 72000</subfield>
   <subfield code="b">Rethel, Alfred</subfield>
   <subfield code="k">Künstler-Monografien</subfield>
   <subfield code="k">Alphabetische Künstlerliste</subfield>
   <subfield code="k">Künstler R</subfield>
   <subfield code="k">Rethel, Alfred</subfield>
   <subfield code="0">(DE-627)127113912X</subfield>
   <subfield code="0">(DE-625)rvk/96924:</subfield>
   <subfield code="0">(DE-576)20113912X</subfield>
  </datafield>
  <datafield tag="951" ind1=" " ind2=" ">
   <subfield code="a">BO</subfield>
  </datafield>
  <datafield tag="990" ind1=" " ind2=" ">
   <subfield code="a">Rethel, Alfred</subfield>
  </datafield>
  <datafield tag="991" ind1=" " ind2=" ">
   <subfield code="a">Rezensiertes Werk</subfield>
  </datafield>
  <datafield tag="999" ind1=" " ind2=" ">
   <subfield code="a">KXP-PPN108693072X</subfield>
   <subfield code="e">4152976411</subfield>
  </datafield>
 </record>
</collection>
